[Event "Reykjavik Open"]
[Site "Reykjavik ISL"]
[Date "2012.03.11"]
[Round "6"]
[White "Caruana, F."]
[Black "Thorfinnsson, Br"]
[Result "1-0"]
[WhiteElo "2767"]
[BlackElo "2421"]
[PlyCount "117"]
[EventDate "2012.03.06"]

1. e4 e5 2. Nf3 Nf6 3. Nxe5 d6 4. Nf3 Nxe4 5. Nc3 Nxc3 6. dxc3 Be7 7. Be3 Nc6
8. Qd2 Be6 9. O-O-O Qd7 10. h4 h6 11. Kb1 a6 12. Bd3 Bf6 13. Qe2 Ne5 14. Nxe5
Bxe5 15. a3 Bf6 16. f3 Qa4 17. g4 O-O-O 18. g5 hxg5 19. hxg5 Be7 20. f4 Rxh1
21. Rxh1 Qa5 22. Rh7 Bf8 23. Bd4 Qd5 24. Bxg7 Bxg7 25. Rxg7 Qh1+ 26. Qf1 Qxf1+
27. Bxf1 Rh8 28. Bg2 c6 29. f5 Bxf5 30. Rxf7 Rh2 31. Rxf5 Rxg2 32. a4 Rg1+ 33.
Ka2 d5 34. a5 Kb8 35. Rf8+ Ka7 36. Rg8 Rg2 37. Kb3 Rg4 38. g6 Rg2 39. Rg7 Rg4
40. Ka3 Rg2 41. Ka2 Kb8 42. Kb3 Rg4 43. Ka3 Ka7 44. b3 Kb8 45. Rg8+ Kc7 46. Ka2
Rg2 47. Kb1 Rg1+ 48. Kb2 Rg3 49. Rg7+ Kb8 50. Kc1 Rg2 51. Kd1 Ka7 52. b4 Kb8
53. Ke1 Rxc2 54. Rf7 Rg2 55. g7 Ka7 56. Kf1 Rg4 57. Kf2 Rg6 58. Ke3 Rg4 59. Re7
1-0

[Event "Reykjavik Open"]
[Site "Reykjavik ISL"]
[Date "2012.03.11"]
[Round "6"]
[White "Stefansson, H."]
[Black "Navara, D."]
[Result "1/2-1/2"]
[WhiteElo "2531"]
[BlackElo "2700"]
[PlyCount "122"]
[EventDate "2012.03.06"]

1. d4 Nf6 2. c4 e6 3. Nf3 Bb4+ 4. Bd2 a5 5. g3 d6 6. Bg2 Nbd7 7. O-O e5 8. Bc3
exd4 9. Bxd4 O-O 10. Nc3 Re8 11. Rc1 Bc5 12. e3 c6 13. Qc2 Nb6 14. Rfd1 Qe7 15.
Bxf6 Qxf6 16. Ne4 Qe7 17. Nxc5 dxc5 18. h3 Be6 19. b3 a4 20. Ne1 h6 21. e4 Rad8
22. Rxd8 Rxd8 23. Rd1 Na8 24. Nd3 Nc7 25. Nb2 a3 26. Na4 Rxd1+ 27. Qxd1 b5 28.
Nb6 bxc4 29. bxc4 Na6 30. Qa4 Qb7 31. Qa5 Kh7 32. Bf1 f6 33. h4 Bg4 34. Bg2 Be6
35. e5 fxe5 36. Be4+ g6 37. h5 Bf5 38. Bxf5 gxf5 39. Kg2 Nb4 40. Na4 Nxa2 41.
Nxc5 Qe7 42. Nd3 f4 43. Nxe5 fxg3 44. Ng6 Qf7 45. f4 Qe8 46. Qa7+ Kg8 47. Qxa3
Qe2+ 48. Kxg3 Qe1+ 49. Kf3 Qf1+ 50. Kg4 Qd1+ 51. Kf5 Qd7+ 52. Ke5 Qg7+ 53. Ke6
Qf7+ 54. Kd6 Qf6+ 55. Kc7 Nc3 56. Qa8+ Kh7 57. Qxc6 Qg7+ 58. Qd7 Ne4 59. f5 Kg8
60. Qxg7+ Kxg7 61. Kb6 Kf6 1/2-1/2

[Event "Reykjavik Open"]
[Site "Reykjavik ISL"]
[Date "2012.03.11"]
[Round "7"]
[White "Cheparinov, I."]
[Black "Caruana, F."]
[Result "0-1"]
[WhiteElo "2664"]
[BlackElo "2767"]
[PlyCount "80"]
[EventDate "2012.03.06"]

1. d4 Nf6 2. c4 g6 3. Nc3 d5 4. cxd5 Nxd5 5. e4 Nxc3 6. bxc3 Bg7 7. Bb5+ c6 8.
Ba4 O-O 9. Ne2 c5 10. O-O Nc6 11. Be3 Na5 12. dxc5 Qc7 13. Bb3 Bg4 14. f3 Bd7
15. Qb1 e6 16. Rd1 Rfd8 17. Kh1 Be8 18. Qb2 Bf8 19. f4 Bxc5 20. Nd4 Bf8 21. f5
Nxb3 22. axb3 e5 23. Nf3 f6 24. c4 Bc6 25. Qc2 Rxd1+ 26. Rxd1 Rd8 27. Rxd8 Qxd8
28. fxg6 hxg6 29. Bxa7 b6 30. c5 b5 31. b4 Bh6 32. Kg1 Kg7 33. Kf2 Qa8 34. Qa2
Bxe4 35. Qa5 Qb7 36. Bb6 Qd7 37. Qa7 Bb7 38. Bd8 e4 39. Ne1 Qd2+ 40. Kg3 Qf4+
0-1

[Event "Reykjavik Open"]
[Site "Reykjavik ISL"]
[Date "2012.03.11"]
[Round "7"]
[White "Navara, D."]
[Black "Akshayraj, K."]
[Result "1-0"]
[WhiteElo "2700"]
[BlackElo "2422"]
[PlyCount "85"]
[EventDate "2012.03.06"]

1. e4 e5 2. Nf3 Nc6 3. Bb5 a6 4. Ba4 Nf6 5. O-O Be7 6. Re1 b5 7. Bb3 d6 8. c3
O-O 9. h3 Nb8 10. d4 Nbd7 11. Nbd2 Bb7 12. Bc2 Re8 13. a4 Bf8 14. Bd3 c6 15. b3
Qc7 16. Ba3 Rad8 17. Rb1 g6 18. Qc2 Bg7 19. axb5 axb5 20. c4 Ra8 21. dxe5 dxe5
22. Ra1 Qb6 23. c5 Qc7 24. b4 Nf8 25. Bb2 N6d7 26. Nb3 Ne6 27. Bf1 Ndf8 28. g3
Red8 29. Rxa8 Bxa8 30. h4 Bb7 31. Bc3 Nd4 32. Bxd4 exd4 33. e5 Ne6 34. Qe4 Rd5
35. Bh3 d3 36. Bxe6 fxe6 37. Re3 Qd7 38. Nbd4 Bh6 39. Rxd3 Bc1 40. Ng5 Bc8 41.
Ngxe6 Qe8 42. Nc7 Qxe5 43. Nxd5 1-0

[Event "Reykjavik Open"]
[Site "Reykjavik ISL"]
[Date "2012.03.12"]
[Round "8"]
[White "Caruana, F."]
[Black "Sokolov, Ivan"]
[Result "1/2-1/2"]
[WhiteElo "2767"]
[BlackElo "2653"]
[PlyCount "105"]
[EventDate "2012.03.06"]

1. e4 e5 2. Nf3 Nc6 3. Bb5 Nge7 4. c3 d5 5. Nxe5 dxe4 6. Qe2 Be6 7. d4 exd3 8.
Nxd3 Ng6 9. O-O Bd6 10. Nd2 O-O 11. Ne4 Re8 12. Bg5 f6 13. Be3 a6 14. Bxc6 bxc6
15. Nxd6 cxd6 16. b3 a5 17. Rad1 Qc8 18. c4 a4 19. Rfe1 axb3 20. axb3 Rb8 21.
Qc2 Bf5 22. Qc3 Qb7 23. Nf4 Ne5 24. Rxd6 Qxb3 25. Qxb3 Rxb3 26. c5 Kf7 27. h3
Rc8 28. Ra1 Rb7 29. Ra6 Bd7 30. Rd4 Re8 31. Nd3 Bxh3 32. Nxe5+ fxe5 33. Rh4 Bf5
34. Rxc6 Rd8 35. Rh5 Be4 36. Ra6 Rd5 37. Rh4 Bd3 38. Ra8 h6 39. Rha4 Rc7 40.
R4a7 Rdd7 41. c6 Rxa7 42. Rxa7 Rxa7 43. Bxa7 e4 44. c7 Ba6 45. Kh2 g5 46. Bd4
h5 47. f3 exf3 48. gxf3 Kg6 49. Be3 Kf5 50. Bd2 h4 51. Be3 g4 52. fxg4+ Kxg4
53. Bf2 1/2-1/2

[Event "Reykjavik Open"]
[Site "Reykjavik ISL"]
[Date "2012.03.12"]
[Round "8"]
[White "Navara, D."]
[Black "Hess, Ro"]
[Result "1-0"]
[WhiteElo "2700"]
[BlackElo "2635"]
[PlyCount "171"]
[EventDate "2012.03.06"]

1. d4 Nf6 2. c4 e6 3. Nf3 b6 4. g3 Bb7 5. Bg2 Be7 6. O-O O-O 7. Re1 c5 8. d5
exd5 9. Nh4 Ne4 10. cxd5 Bxh4 11. Bxe4 Bf6 12. Qc2 g6 13. Bf4 d6 14. Nd2 Na6
15. Bg2 Bg5 16. Bxg5 Qxg5 17. f4 Qf6 18. Qc3 Qxc3 19. bxc3 Nc7 20. e4 b5 21. a4
a6 22. Nb3 Rfd8 23. Na5 Rab8 24. c4 Ba8 25. Reb1 bxa4 26. e5 Rxb1+ 27. Rxb1 a3
28. Ra1 dxe5 29. fxe5 Nxd5 30. cxd5 Bxd5 31. Rxa3 Bxg2 32. Kxg2 Rd2+ 33. Kh3
Kg7 34. Nb7 Re2 35. Nxc5 Rxe5 36. Nxa6 Re2 37. Nb4 h5 38. Ra2 Re4 39. Nd3 g5
40. Kg2 Re3 41. Rd2 Re4 42. Kf3 Rd4 43. Ke3 Ra4 44. Nf2 f5 45. Rd7+ Kf6 46.
Rd6+ Kg7 47. Nh3 Re4+ 48. Kd2 Rg4 49. Ke2 h4 50. Kf3 hxg3 51. hxg3 Kf7 52. Rc6
Kg7 53. Rb6 Kf7 54. Rb7+ Kg6 55. Rb8 Kg7 56. Rc8 Kf7 57. Rc6 Kg7 58. Ng1 Ra4
59. Ne2 Ra3+ 60. Rc3 Ra4 61. Rb3 Kg6 62. Nc3 Rd4 63. Nb5 Rd7 64. Rc3 Kh5 65.
Nc7 Rd2 66. Ne6 Rd6 67. Nc7 Kg6 68. Ra3 Kh5 69. Ne8 Rc6 70. Rd3 Rb6 71. Nd6 Kg6
72. Nc4 Rb5 73. Rd6+ Kg7 74. Rb6 Rc5 75. Nd6 Rc3+ 76. Ke2 Rc2+ 77. Kd3 Rc5 78.
Rb5 Rxb5 79. Nxb5 Kg6 80. Nd6 Kf6 81. Kd4 Ke6 82. Nc4 Kf6 83. Kd5 g4 84. Ne3 f4
85. gxf4 g3 86. Ke4 1-0

[Event "Reykjavik Open"]
[Site "Reykjavik ISL"]
[Date "2012.03.13"]
[Round "9"]
[White "Cheparinov, I."]
[Black "Navara, D."]
[Result "1/2-1/2"]
[WhiteElo "2664"]
[BlackElo "2700"]
[PlyCount "65"]
[EventDate "2012.03.06"]

1. e4 e5 2. Nf3 Nc6 3. Bb5 Nf6 4. O-O Nxe4 5. d4 Nd6 6. Bxc6 dxc6 7. dxe5 Nf5
8. Qxd8+ Kxd8 9. Nc3 Ke8 10. h3 h5 11. Ne2 Be7 12. Bg5 b6 13. Rfd1 Bb7 14. Bxe7
Kxe7 15. Nf4 c5 16. Ng5 Rh6 17. c3 f6 18. exf6+ Kxf6 19. Nfe6 Re8 20. Rd7 Rxe6
21. Nxe6 Kxe6 22. Rxc7 Bd5 23. Rxa7 Rg6 24. g3 Nxg3 25. fxg3 Rxg3+ 26. Kf2 Rf3+
27. Ke2 Rxh3 28. Rxg7 Rh2+ 29. Ke3 Rh3+ 30. Kf2 Rh2+ 31. Ke3 Rh3+ 32. Kf2 Rh2+
33. Ke3 1/2-1/2

[Event "Reykjavik Open"]
[Site "Reykjavik ISL"]
[Date "2012.03.13"]
[Round "9"]
[White "Hou Yifan"]
[Black "Caruana, F."]
[Result "1/2-1/2"]
[WhiteElo "2639"]
[BlackElo "2767"]
[PlyCount "94"]
[EventDate "2012.03.06"]

1. e4 e5 2. Nf3 Nc6 3. Bb5 a6 4. Ba4 Nf6 5. O-O b5 6. Bb3 Bc5 7. c3 d6 8. d4
Bb6 9. h3 O-O 10. Be3 h6 11. Nbd2 Re8 12. Re1 Bd7 13. Qb1 Na5 14. Bc2 c5 15. d5
c4 16. b4 cxb3 17. axb3 Bxe3 18. Rxe3 Nb7 19. b4 Nh5 20. Bd3 Nf4 21. Bf1 Rf8
22. c4 bxc4 23. Bxc4 a5 24. bxa5 Nxa5 25. Qb4 Nxc4 26. Rxa8 Qxa8 27. Nxc4 Qa1+
28. Re1 Qa2 29. Nfd2 Rc8 30. Re3 Qc2 31. Kh2 Nd3 32. Qb7 Nc5 33. Qb6 Nd3 34.
Nxd6 Rf8 35. N6c4 Nxf2 36. Qb1 Qxb1 37. Nxb1 Bb5 38. Nba3 Ba6 39. Nxe5 Re8 40.
d6 Bb7 41. Nxf7 Kxf7 42. Rf3+ Ke6 43. Nb5 Rb8 44. Rxf2 Bxe4 45. Re2 Rxb5 46.
Rxe4+ Kxd6 47. Kg3 Kd5 1/2-1/2

[Event "Russian Team Championship"]
[Site "Sochi RUS"]
[Date "2012.04.09"]
[Round "1"]
[White "Svidler, P."]
[Black "Timofeev, Arty"]
[Result "1-0"]
[WhiteElo "2744"]
[BlackElo "2650"]
[PlyCount "47"]
[EventDate "2012.04.09"]

1. e4 c5 2. Nf3 e6 3. d4 cxd4 4. Nxd4 Nc6 5. Nc3 Qc7 6. Be3 Nf6 7. f4 Bb4 8.
Ndb5 Qa5 9. e5 Ne4 10. Qd3 f5 11. exf6 Nxf6 12. O-O-O O-O 13. a3 Be7 14. Nd6 a6
15. g3 b5 16. Bg2 Qc7 17. Nce4 Nd5 18. Bc5 Nd8 19. h4 Rb8 20. Ng5 Nf6 21. b4 h6
22. Qg6 a5 23. Nf5 exf5 24. Bxe7 1-0

[Event "Russian Team Championship"]
[Site "Sochi RUS"]
[Date "2012.04.10"]
[Round "2"]
[White "Bologan, Viktor"]
[Black "Panarin, Mikhail"]
[Result "1/2-1/2"]
[WhiteElo "2687"]
[BlackElo "2523"]
[PlyCount "82"]
[EventDate "2011.04.12"]

1. e4 c6 2. d4 d5 3. e5 Bf5 4. Nf3 e6 5. Be2 Nd7 6. O-O Bg6 7. c3 Nh6 8. Bxh6
gxh6 9. Nbd2 f6 10. Nb3 Bg7 11. exf6 Qxf6 12. Nfd2 e5 13. Bg4 O-O-O 14. dxe5
Qxe5 15. Re1 Qf6 16. Re6 Qf8 17. Qf3 Kb8 18. Qg3+ Ka8 19. Rae1 h5 20. Bh3 Nc5
21. Re7 Nxb3 22. Qc7 Rb8 23. axb3 Bf6 24. Ra1 Qd8 25. Qxd8 Rbxd8 26. Re6 Rhf8
27. Nf3 d4 28. Nxd4 Bxd4 29. cxd4 Rxd4 30. Rae1 Kb8 31. g3 Rfd8 32. f4 Bf7 33.
Re7 Bxb3 34. Rxh7 Rd1 35. Rhe7 a5 36. g4 hxg4 37. Bxg4 R1d2 38. Re8 Rxe8 39.
Rxe8+ Kc7 40. Re2 Rxe2 41. Bxe2 Kd6 1/2-1/2

[Event "Russian Team Championship"]
[Site "Sochi RUS"]
[Date "2012.04.10"]
[Round "2"]
[White "Karjakin, Sergey"]
[Black "Tregubov, Pavel V"]
[Result "1-0"]
[WhiteElo "2766"]
[BlackElo "2599"]
[PlyCount "69"]
[EventDate "2011.04.12"]

1. e4 c5 2. Nf3 e6 3. d4 cxd4 4. Nxd4 Nc6 5. Nc3 Qc7 6. Be3 a6 7. Qd2 Nf6 8.
O-O-O Bb4 9. f3 Na5 10. Kb1 Bxc3 11. Qxc3 Qxc3 12. bxc3 d5 13. e5 Nd7 14. f4 b5
15. Nb3 Nc4 16. Bd4 Bb7 17. Bd3 Rc8 18. g4 Ncb6 19. Kc1 O-O 20. Rhe1 Na4 21.
Re3 Rc7 22. Rf1 Rfc8 23. f5 Nxc3 24. Bxc3 Rxc3 25. fxe6 fxe6 26. Nd4 g6 27. Kd2
b4 28. Rf4 Nc5 29. Ref3 Ra3 30. Rf7 Rxa2 31. Re7 Ne4+ 32. Ke3 Ra1 33. Rxb7 Re1+
34. Ne2 a5 35. Rff7 1-0

[Event "Russian Team Championship"]
[Site "Sochi RUS"]
[Date "2012.04.10"]
[Round "2"]
[White "Morozevich, Alexander"]
[Black "Jakovenko, Dmitry"]
[Result "1-0"]
[WhiteElo "2765"]
[BlackElo "2729"]
[PlyCount "53"]
[EventDate "2011.04.12"]

1. d4 d5 2. c4 c6 3. Nf3 Nf6 4. Nc3 dxc4 5. a4 e6 6. e4 Bb4 7. e5 Nd5 8. Bd2 b5
9. axb5 Bxc3 10. bxc3 cxb5 11. Ng5 Nc6 12. Qh5 Qe7 13. h4 b4 14. Bxc4 bxc3 15.
Bc1 Nxd4 16. O-O h6 17. Bxd5 exd5 18. Ba3 Qc7 19. e6 Bxe6 20. Nxe6 Nxe6 21.
Qxd5 Rd8 22. Qb3 h5 23. Rfe1 Rh6 24. Qb4 Kd7 25. Rac1 Rb8 26. Qa4+ Kc8 27. Bb4
1-0

[Event "Russian Team Championship"]
[Site "Sochi RUS"]
[Date "2012.04.10"]
[Round "2"]
[White "Shirov, Alexei"]
[Black "Tomashevsky, Evgeny"]
[Result "1/2-1/2"]
[WhiteElo "2701"]
[BlackElo "2736"]
[PlyCount "87"]
[EventDate "2011.04.12"]

1. d4 Nf6 2. c4 e6 3. Nf3 Bb4+ 4. Nbd2 O-O 5. a3 Be7 6. b4 a5 7. b5 c5 8. dxc5
Bxc5 9. Bb2 b6 10. g3 Bb7 11. Bg2 Be7 12. O-O d6 13. e4 Nbd7 14. Nd4 Qc7 15.
Qe2 Rfe8 16. f4 e5 17. Nf5 Nc5 18. Nxe7+ Qxe7 19. f5 Rac8 20. Rae1 h6 21. h3
Rc7 22. Kh2 Rec8 23. Qe3 a4 24. Rc1 Nfd7 25. Rfd1 Qg5 26. Qe2 Qe7 27. Bc3 Nf6
28. Bb4 Qe8 29. Rc3 Rd8 30. g4 Qe7 31. Re1 Rdc8 32. Qd1 Nh7 33. Re2 Nf6 34.
Bxc5 Rxc5 35. Rce3 Ra8 36. Rd3 Rc7 37. Qb1 Nd7 38. Rg3 Rac8 39. Ree3 Nc5 40.
Bf1 Qg5 41. Rgf3 Qh4 42. Rg3 Qg5 43. Rgf3 Qh4 44. Rg3 1/2-1/2

[Event "Russian Team Championship"]
[Site "Sochi RUS"]
[Date "2012.04.13"]
[Round "5"]
[White "Andreikin, Dmitry"]
[Black "Matlakov, Maxim"]
[Result "1/2-1/2"]
[WhiteElo "2689"]
[BlackElo "2632"]
[PlyCount "83"]
[EventDate "2011.04.12"]

1. c4 e6 2. Nc3 d5 3. d4 Be7 4. Bf4 Nf6 5. e3 O-O 6. Qc2 c5 7. dxc5 Qa5 8. Nf3
Qxc5 9. Be2 dxc4 10. O-O Nc6 11. Na4 Qa5 12. Qxc4 Bd7 13. Nc3 Rfc8 14. Qb3 Qb4
15. Qxb4 Nxb4 16. Ne5 Be8 17. Rac1 Nfd5 18. Nxd5 Nxd5 19. Bg3 Kf8 20. h3 f6 21.
Nd3 Bb5 22. a3 Nb6 23. Bc7 Na4 24. b4 Nb2 25. Nxb2 Bxe2 26. Rfe1 Bb5 27. Red1
Bc6 28. Bg3 e5 29. f4 exf4 30. exf4 Be4 31. Nc4 b5 32. Na5 Rxc1 33. Rxc1 Rd8
34. Bf2 Rd3 35. Nc6 Bxc6 36. Rxc6 Rxa3 37. Rc8+ Kf7 38. Rc7 Ra1+ 39. Kh2 Ke8
40. Bxa7 Bd6 41. Rxg7 Bxf4+ 42. g3 1/2-1/2

[Event "Russian Team Championship"]
[Site "Sochi RUS"]
[Date "2012.04.13"]
[Round "5"]
[White "Giri, Anish"]
[Black "Burmakin, Vladimir"]
[Result "1/2-1/2"]
[WhiteElo "2717"]
[BlackElo "2592"]
[PlyCount "79"]
[EventDate "2011.04.12"]

1. c4 c6 2. Nf3 d5 3. g3 Nf6 4. Bg2 Bf5 5. cxd5 cxd5 6. Qb3 Qb6 7. Qxb6 axb6 8.
Nc3 Bd7 9. d3 e6 10. O-O Bc5 11. a3 O-O 12. Bf4 Rc8 13. e4 Nc6 14. exd5 Nxd5
15. Nxd5 exd5 16. Rfe1 h6 17. Rad1 Be6 18. h3 b5 19. g4 b4 20. axb4 Bxb4 21.
Bd2 Bxd2 22. Rxd2 Ra4 23. Kh2 Rca8 24. Ne5 Nxe5 25. Rxe5 Rd4 26. f4 Rxf4 27.
Bxd5 Bxd5 28. Rxd5 Rb4 29. Re5 f6 30. Re7 Ra2 31. Ree2 Ra5 32. d4 Rd5 33. Re7
b6 34. Rb7 Kh7 35. Kg2 Kg6 36. Kf3 Rdxd4 37. Rxd4 Rxd4 38. Rxb6 Rd3+ 39. Kg2 h5
40. Rb5 1/2-1/2

[Event "Russian Team Championship"]
[Site "Sochi RUS"]
[Date "2012.04.13"]
[Round "5"]
[White "Jakovenko, Dmitry"]
[Black "Karjakin, Sergey"]
[Result "0-1"]
[WhiteElo "2729"]
[BlackElo "2766"]
[PlyCount "106"]
[EventDate "2011.04.12"]

1. Nf3 Nf6 2. c4 b6 3. g3 c5 4. Bg2 Bb7 5. O-O g6 6. Nc3 Bg7 7. d4 cxd4 8. Qxd4
d6 9. Rd1 Nbd7 10. Be3 Rc8 11. Rac1 a6 12. b3 O-O 13. Qh4 Rc7 14. g4 Rc8 15.
Bh3 b5 16. cxb5 Qa5 17. Bd2 Bxf3 18. exf3 axb5 19. g5 b4 20. gxf6 Bxf6 21. Qe4
bxc3 22. Bxd7 Rcd8 23. Bxc3 Bxc3 24. Qxe7 d5 25. Bb5 d4 26. a4 Rd5 27. Qe4 Rf5
28. Kh1 Qb6 29. Rg1 Qf6 30. Rg3 Rd8 31. Bd3 Rf4 32. Qb7 Qd6 33. Kg2 Rb8 34. Qa6
Qxa6 35. Bxa6 Rxb3 36. Rg4 Rf6 37. Bb5 Kg7 38. Re4 d3 39. Rd1 d2 40. Re3 Rd6
41. Be2 Re6 42. Rxe6 fxe6 43. Bc4 Rb4 44. Bxe6 Rxa4 45. Bd5 Rd4 46. Be4 Bb4 47.
Kf1 Bd6 48. Ke2 Bf4 49. h3 Kh6 50. Rg1 Rc4 51. Bd3 Rc1 52. Rd1 Kg5 53. Bb5 Kh4
0-1

[Event "Russian Team Championship"]
[Site "Sochi RUS"]
[Date "2012.04.14"]
[Round "6"]
[White "Alekseenko, Kirill"]
[Black "Leko, Peter"]
[Result "0-1"]
[WhiteElo "2367"]
[BlackElo "2720"]
[PlyCount "60"]
[EventDate "2011.04.12"]

1. e4 e5 2. Nf3 Nc6 3. Bb5 Nf6 4. d3 Bc5 5. O-O d6 6. c3 O-O 7. h3 a6 8. Ba4
Ba7 9. Re1 Ne7 10. Nbd2 Ng6 11. Nf1 c6 12. Ng3 d5 13. Bc2 Re8 14. Be3 Bb8 15.
Qd2 Be6 16. Rad1 Bd6 17. Nf5 Bf8 18. g4 c5 19. Qe2 h6 20. Bc1 Qc7 21. Kh1 c4
22. dxc4 dxe4 23. Nd2 Nf4 24. Qf1 Nh7 25. Bxe4 Ng5 26. Bg2 h5 27. f3 Rad8 28.
h4 Nh7 29. Ne4 Bxc4 30. Qg1 hxg4 0-1

[Event "Russian Team Championship"]
[Site "Sochi RUS"]
[Date "2012.04.14"]
[Round "6"]
[White "Dubov, Daniil"]
[Black "Dominguez Perez, Leinier"]
[Result "1-0"]
[WhiteElo "2536"]
[BlackElo "2730"]
[PlyCount "65"]
[EventDate "2011.04.12"]

1. d4 Nf6 2. c4 g6 3. g3 c5 4. Nf3 Bg7 5. Bg2 Qa5+ 6. Nc3 Nc6 7. O-O cxd4 8.
Nxd4 Qc5 9. Ndb5 O-O 10. Be3 Qxc4 11. Rc1 Qb4 12. Nc7 Rb8 13. a3 Qa5 14. N3b5
Ng4 15. Bc5 Bxb2 16. Rc4 d6 17. Ra4 Qxa4 18. Qxa4 dxc5 19. Nxa7 Bd7 20. Rd1
Rbd8 21. Nxc6 bxc6 22. Rb1 Be5 23. Na6 Bf5 24. e4 Bc8 25. h3 Bxa6 26. Qxa6 Nf6
27. f4 Bd4+ 28. Kh2 Ra8 29. Qxc6 Rxa3 30. g4 Be3 31. Rf1 Rd8 32. e5 Ne8 33. e6
1-0

[Event "Russian Team Championship"]
[Site "Sochi RUS"]
[Date "2012.04.14"]
[Round "6"]
[White "Movsesian, Sergei"]
[Black "Moskalenko, Alexander"]
[Result "1-0"]
[WhiteElo "2702"]
[BlackElo "2451"]
[PlyCount "73"]
[EventDate "2011.04.12"]

1. e4 e5 2. Nf3 Nf6 3. d4 Nxe4 4. dxe5 d5 5. Nbd2 Nc6 6. Bd3 Nc5 7. Bb5 Be7 8.
O-O Bd7 9. Be2 O-O 10. Re1 Bf5 11. Nf1 f6 12. exf6 Bxf6 13. c3 Qd6 14. Ng3 Bg6
15. Bf4 Qd7 16. Be3 Qd6 17. Bxc5 Qxc5 18. Bd3 Bf7 19. Qc2 g6 20. h4 Rae8 21. h5
Kg7 22. Qd2 Qd6 23. Bb5 Rxe1+ 24. Rxe1 Re8 25. Rd1 a6 26. Ba4 b5 27. Bb3 Ne7
28. Re1 Nf5 29. Nxf5+ gxf5 30. Rxe8 Bxe8 31. h6+ Kg6 32. Bc2 Bd7 33. g4 Kf7 34.
g5 Bh8 35. Nh4 d4 36. Nxf5 Bxf5 37. Bxf5 1-0

[Event "Russian Team Championship"]
[Site "Sochi RUS"]
[Date "2012.04.14"]
[Round "6"]
[White "Romanov, Evgeny"]
[Black "Caruana, Fabiano"]
[Result "0-1"]
[WhiteElo "2625"]
[BlackElo "2767"]
[PlyCount "69"]
[EventDate "2011.04.12"]

1. c4 e5 2. Nc3 Nf6 3. Nf3 Nc6 4. g3 Nd4 5. Bg2 Nxf3+ 6. Bxf3 Bb4 7. d4 Bxc3+
8. bxc3 e4 9. Bg2 h6 10. c5 O-O 11. c4 b6 12. O-O Re8 13. Qa4 bxc5 14. dxc5 Bb7
15. Qa5 Ng4 16. Bf4 Ne5 17. Rfd1 Bc6 18. Rac1 Rc8 19. Bh3 Re7 20. Qa6 Ng6 21.
Be3 Nf8 22. Rc3 Ne6 23. Qa5 Qf8 24. Rb1 f5 25. Ra3 Ra8 26. Qc3 a6 27. Ra5 Kh7
28. Qe5 g6 29. Bg2 g5 30. Qc3 f4 31. Bc1 Qf5 32. Bb2 Rf7 33. Qc2 g4 34. Rd1 Ng5
35. Bc1 0-1

[Event "Russian Team Championship"]
[Site "Sochi RUS"]
[Date "2012.04.14"]
[Round "6"]
[White "Rozum, Ivan"]
[Black "Grachev, Boris"]
[Result "0-1"]
[WhiteElo "2478"]
[BlackElo "2705"]
[PlyCount "57"]
[EventDate "2011.04.12"]

1. d4 d5 2. c4 c6 3. Nf3 Nf6 4. e3 Bg4 5. h3 Bh5 6. Nc3 e6 7. g4 Bg6 8. Ne5
Nbd7 9. h4 dxc4 10. Nxg6 hxg6 11. Bxc4 Bb4 12. Qb3 a5 13. a3 Bxc3+ 14. bxc3 Ne4
15. Qxb7 Nxc3 16. Qb3 Nd5 17. g5 a4 18. Qc2 Rc8 19. Qxa4 N5b6 20. Qb3 Nxc4 21.
Qxc4 c5 22. dxc5 Qa5+ 23. Bd2 Qa8 24. e4 Rxc5 25. Qd4 Qc6 26. f3 Ne5 27. O-O
Rxh4 28. Be3 Nd7 29. Rfc1 0-1

[Event "Russian Team Championship"]
[Site "Sochi RUS"]
[Date "2012.04.14"]
[Round "6"]
[White "Vitiugov, Nikita"]
[Black "Sasikiran, Krishnan"]
[Result "0-1"]
[WhiteElo "2709"]
[BlackElo "2703"]
[PlyCount "62"]
[EventDate "2011.04.12"]

1. d4 Nf6 2. c4 e6 3. Nf3 b6 4. a3 Bb7 5. Nc3 d5 6. Bg5 Be7 7. Qa4+ c6 8. Bxf6
Bxf6 9. cxd5 exd5 10. g3 O-O 11. Bg2 Qe7 12. O-O Rd8 13. Rfd1 Na6 14. e3 c5 15.
Rd2 Nc7 16. Rad1 c4 17. Qc2 g6 18. Re1 b5 19. h4 Rab8 20. Rde2 a6 21. e4 dxe4
22. Nxe4 Ne6 23. Neg5 Bxf3 24. Rxe6 fxe6 25. Rxe6 Qd7 26. Rxf6 Bxg2 27. Ne6 Qd5
28. Rxg6+ Kh8 29. Rh6 Be4 30. Qc3 Rd7 31. Qe3 Re8 0-1

[Event "Russian Team Championship"]
[Site "?"]
[Date "2012.04.14"]
[Round "6"]
[White "Wang Hao"]
[Black "Shimanov, Alexandr"]
[Result "1-0"]
[WhiteElo "2733"]
[BlackElo "2591"]
[PlyCount "65"]
[EventDate "2012.??.??"]
[SourceDate "2012.04.15"]

1. d4 d5 2. c4 e6 3. Nf3 Nf6 4. g3 Bb4+ 5. Bd2 Be7 6. Bg2 O-O 7. O-O c6 8. Qc2
b6 9. Rd1 Nbd7 10. Bf4 Ba6 11. b3 Rc8 12. Nc3 h6 13. h3 Re8 14. e4 dxc4 15. Nd2
b5 16. bxc4 bxc4 17. Rab1 Qa5 18. Na4 e5 19. Be3 exd4 20. Bxd4 Nc5 21. Nb2 Ne6
22. Be3 c5 23. Ndxc4 Nd4 24. Nxa5 Nxc2 25. e5 Nxe3 26. fxe3 Nh7 27. Nbc4 Bxc4
28. Nxc4 Rc7 29. Rd3 Ng5 30. Rdb3 Rd8 31. Rb7 Rdd7 32. Rb8+ Kh7 33. a4 1-0

[Event "Russian Team Championship"]
[Site "Sochi RUS"]
[Date "2012.04.15"]
[Round "7"]
[White "Mozharov, Mikhail"]
[Black "Malakhov, Vladimir"]
[Result "1/2-1/2"]
[WhiteElo "2474"]
[BlackElo "2705"]
[PlyCount "95"]
[EventDate "2011.04.12"]

1. d4 d5 2. c4 c6 3. Nf3 Nf6 4. Nc3 a6 5. c5 Nbd7 6. Bf4 Nh5 7. Bd2 Nhf6 8. Rc1
g6 9. h3 Qc7 10. g3 Bg7 11. Bf4 Qd8 12. Bg2 O-O 13. O-O Nh5 14. Bd2 f5 15. Na4
e5 16. dxe5 Nxe5 17. Nxe5 Bxe5 18. e3 Be6 19. Bc3 Qf6 20. Bxe5 Qxe5 21. Nc3
Rae8 22. b4 Bf7 23. Ne2 Qb2 24. Nd4 Qxb4 25. Rb1 Qxc5 26. Rxb7 Rb8 27. Qb1 Rxb7
28. Qxb7 f4 29. Qc7 fxg3 30. fxg3 Ng7 31. Nxc6 Qxe3+ 32. Kh2 Ne8 33. Qd7 Kg7
34. Nd8 Nf6 35. Qd6 Bg8 36. Qc7+ Kh8 37. Qd6 Kg7 38. Rb1 Bf7 39. Rb7 Ng4+ 40.
hxg4 Qh6+ 41. Kg1 Qe3+ 42. Kf1 Qc1+ 43. Kf2 Qd2+ 44. Kg1 Qe3+ 45. Kh2 Qh6+ 46.
Bh3 Qd2+ 47. Kg1 Qe3+ 48. Kh2 1/2-1/2

[Event "Russian Team Championship"]
[Site "Sochi RUS"]
[Date "2012.04.15"]
[Round "7"]
[White "Tomashevsky, Evgeny"]
[Black "Landa, Konstantin"]
[Result "1-0"]
[WhiteElo "2736"]
[BlackElo "2645"]
[PlyCount "61"]
[EventDate "2011.04.12"]

1. d4 Nf6 2. Nf3 d5 3. c4 e6 4. g3 Bb4+ 5. Bd2 Be7 6. Bg2 c6 7. Qc2 b6 8. O-O
Ba6 9. b3 Nbd7 10. a4 c5 11. a5 O-O 12. Rd1 cxd4 13. Nxd4 Bc5 14. Be1 Rc8 15.
Qb2 Bxd4 16. Qxd4 e5 17. Qb2 d4 18. axb6 Qxb6 19. Qa3 Nb8 20. Bb4 Rfe8 21. Bd6
Nfd7 22. Bxb8 Nxb8 23. Nd2 Rc7 24. Ne4 Rd8 25. Nc3 Rcd7 26. Na4 Qg6 27. Nc5 Rd6
28. Qa5 Re8 29. Qc7 Bc8 30. Qxb8 h5 31. Rxa7 1-0

[Event "Russian Team Championship"]
[Site "Sochi RUS"]
[Date "2012.04.15"]
[Round "7"]
[White "Tregubov, Pavel V"]
[Black "Morozevich, Alexander"]
[Result "0-1"]
[WhiteElo "2599"]
[BlackElo "2765"]
[PlyCount "121"]
[EventDate "2011.04.12"]

1. d4 Nf6 2. c4 e6 3. Nc3 Bb4 4. e3 O-O 5. Bd3 b6 6. Nge2 d5 7. a3 Be7 8. cxd5
exd5 9. b4 Bb7 10. O-O Re8 11. f3 Bf8 12. Qb3 Nc6 13. Kh1 Qd7 14. Bd2 a6 15.
Rad1 Nd8 16. Bc1 c5 17. dxc5 bxc5 18. Be4 Nxe4 19. fxe4 cxb4 20. Nxd5 Bxd5 21.
exd5 a5 22. axb4 Bxb4 23. Ng3 Ra6 24. Bb2 Bf8 25. Nf5 a4 26. Qd3 Rg6 27. e4 f6
28. h3 Nf7 29. d6 Qb7 30. Ba3 Rxe4 31. Qd5 Qxd5 32. Rxd5 Rg5 33. Rd2 g6 34.
Ne7+ Kg7 35. Nd5 Bxd6 36. Bxd6 Nxd6 37. Nxf6 Rf5 38. Rfd1 Rxf6 39. Rxd6 Rxd6
40. Rxd6 a3 41. Ra6 Re3 42. h4 Kf7 43. Kh2 Ke7 44. g3 Re2+ 45. Kh3 a2 46. Kg4
h6 47. Kf3 Rh2 48. g4 Kd7 49. Kg3 Rb2 50. Kf4 Kc7 51. h5 Kb7 52. Ra3 gxh5 53.
gxh5 Kc6 54. Kf5 Rg2 55. Ra8 Kc5 56. Ke4 Kc4 57. Kf3 Rh2 58. Kg3 Rd2 59. Kf4
Kb3 60. Kf5 Kb2 61. Ke5 0-1